[Event "Poznan op 28th"]
[Site "Poznan"]
[Date "2021.08.22"]
[Round "9"]
[White "Lanin, Boris Aleksandrovic"]
[Black "Sobczak, Miroslaw"]
[Result "1-0"]
[WhiteElo "1949"]
[BlackElo "1748"]
[PlyCount "61"]
[EventDate "2021.08.15"]
[EventType "swiss"]
[EventRounds "9"]
[EventCountry "POL"]
[SourceTitle "CBM 203 Extra"]
[Source "ChessBase"]
[SourceDate "2021.09.30"]
[SourceVersion "1"]
[SourceVersionDate "2021.09.30"]
[SourceQuality "1"]

1. e4 e6 2. Nf3 d5 3. e5 c5 4. b4 cxb4 5. a3 bxa3 6. Bxa3 Bxa3 7. Nxa3 Bd7 8. c3 f5 9. h4 Nh6 10. d4 Nf7 11. Bd3 Na6 12. Qd2 Rc8 13. Nb5 Rc6 14. Ng5 Nxg5 15. hxg5 0-0 16. Nd6 Qc7 17. g6 Be8 18. Nxe8 Rxe8 19. Rxh7 Rxc3 20. Ke2 Rxd3 21. Qxd3 Nb4 22. Rah1 Kf8 23. Rh8+ Ke7 24. Rxe8+ Kxe8 25. Qb5+ Nc6 26. Rh8+ Kd7 27. Rg8 a6 28. Qc5 Nxd4+ 29. Qxd4 Qc2+ 30. Kf3 Qb3+ 31. Kf4 1-0

[Event "Poznan op 28th"]
[Site "Poznan"]
[Date "2021.08.15"]
[Round "2"]
[White "Kierska, Pola"]
[Black "Sobczak, Miroslaw"]
[Result "0-1"]
[WhiteElo "1107"]
[BlackElo "1748"]
[PlyCount "54"]
[EventDate "2021.08.15"]
[EventType "swiss"]
[EventRounds "9"]
[EventCountry "POL"]
[SourceTitle "EXT 2022"]
[Source "ChessBase"]
[SourceDate "2021.10.06"]
[SourceVersion "1"]
[SourceVersionDate "2021.10.06"]
[SourceQuality "1"]
[WhiteTeam "Poland"]
[BlackTeam "Poland"]
[WhiteTeamCountry "POL"]
[BlackTeamCountry "POL"]

1. e4 e6 2. d4 d5 3. exd5 exd5 4. Bd3 Bd6 5. Nf3 Bg4 6. h3 Bh5 7. Qe2+ Ne7 8. g4 Bg6 9. Bxg6 hxg6 10. Qb5+ Nbc6 11. Qxb7 0-0 12. Qb5 Re8 13. 0-0 f6 14. c3 Kf7 15. b3 Qd7 16. Ba3 Rh8 17. Kg2 Rxh3 18. Bxd6 a6 19. Qd3 Qxg4+ 20. Bg3 Nf5 21. Nh2 Nh4+ 22. Kg1 Rxh2 23. Kxh2 Rh8 24. Rh1 Nf3+ 25. Kg2 Rxh1 26. Kxh1 Qh3+ 27. Bh2 Qxh2# 0-1

[Event "Trzcianka Dziedzic Memorial 9th"]
[Site "Trzcianka"]
[Date "2019.10.13"]
[Round "2"]
[White "Socko, Bartosz"]
[Black "Sobczak, Miroslaw"]
[Result "1-0"]
[WhiteElo "2611"]
[BlackElo "1851"]
[PlyCount "75"]
[EventDate "2019.10.13"]
[EventType "swiss (rapid)"]
[EventRounds "9"]
[EventCountry "POL"]
[SourceTitle "CBM 192 Extra"]
[Source "Chessbase"]
[SourceDate "2019.11.06"]
[SourceVersion "1"]
[SourceVersionDate "2019.11.06"]
[SourceQuality "1"]

1. d4 Nf6 2. c4 c5 3. Nf3 cxd4 4. Nxd4 e5 5. Nb5 d5 6. cxd5 Bc5 7. N5c3 0-0 8. h3 e4 9. e3 Bf5 10. g4 Bg6 11. Bg2 Qe7 12. Nd2 Rd8 13. Qb3 h6 14. h4 Na6 15. g5 hxg5 16. hxg5 Nh7 17. Ndxe4 Nxg5 18. Nxc5 Nxc5 19. Qc4 Nd3+ 20. Kf1 Qf6 21. f4 Rac8 22. Qd4 Qxd4 23. exd4 Nxc1 24. Rxc1 Ne4 25. Rh3 Bf5 26. Re3 Nd2+ 27. Kg1 Nc4 28. Re2 Bd3 29. Rf2 Ne3 30. Re1 Nf5 31. Bh3 Rc7 32. Rd2 Nxd4 33. Rxd3 Nc2 34. Re2 Nb4 35. Rd4 Na6 36. d6 Rc6 37. d7 Kf8 38. Rde4 1-0

[Event "Poznan op 27th"]
[Site "Poznan"]
[Date "2019.08.23"]
[Round "7"]
[White "Zak, Mateusz"]
[Black "Sobczak, Miroslaw"]
[Result "0-1"]
[WhiteElo "1375"]
[BlackElo "1865"]
[PlyCount "60"]
[EventDate "2019.08.18"]
[EventType "swiss"]
[EventRounds "9"]
[EventCountry "POL"]
[SourceTitle "EXT 2020"]
[Source "ChessBase"]
[SourceDate "2019.10.17"]
[SourceVersion "1"]
[SourceVersionDate "2019.10.17"]
[SourceQuality "1"]

1. d4 Nf6 2. c4 c5 3. e3 e6 4. Nf3 h6 5. b3 d5 6. Be2 Nc6 7. 0-0 Bd6 8. Bb2 0-0 9. dxc5 Bxc5 10. Nbd2 Qc7 11. Rc1 Be7 12. cxd5 exd5 13. Nd4 Bd7 14. Qc2 Rac8 15. N2f3 Nxd4 16. Nxd4 Qe5 17. Qd2 Ne4 18. Qa5 Bd8 19. Qb4 b5 20. Rxc8 Bxc8 21. Rc1 Be7 22. Qa5 Bd6 23. g3 h5 24. Rc2 h4 25. Nxb5 Qf5 26. f3 hxg3 27. Nxd6 gxh2+ 28. Kxh2 Qh3+ 29. Kg1 Qg3+ 30. Kh1 Nf2# 0-1

[Event "Poznan op 27th"]
[Site "Poznan"]
[Date "2019.08.18"]
[Round "2"]
[White "Sobczak, Miroslaw"]
[Black "Orzech, Dominik"]
[Result "1/2-1/2"]
[WhiteElo "1865"]
[BlackElo "2339"]
[PlyCount "41"]
[EventDate "2019.08.18"]
[EventType "swiss"]
[EventRounds "9"]
[EventCountry "POL"]
[SourceTitle "EXT 2020"]
[Source "ChessBase"]
[SourceDate "2019.10.17"]
[SourceVersion "1"]
[SourceVersionDate "2019.10.17"]
[SourceQuality "1"]

1. e4 c6 2. d4 d5 3. Nc3 dxe4 4. Nxe4 Nf6 5. Nxf6+ exf6 6. c3 Bd6 7. Bd3 0-0 8. Ne2 Re8 9. 0-0 Qc7 10. g3 Bh3 11. Re1 Bg4 12. Qc2 h5 13. Bf4 Nd7 14. Bh7+ Kh8 15. Bf5 Bf3 16. Bxd6 Qxd6 17. Qd3 Bxe2 18. Rxe2 g6 19. Bxd7 Qxd7 20. Rd1 Kg7 21. h4 1/2-1/2

[Event "Suwalki Warakomska Memorial-B 1st"]
[Site "Suwalki"]
[Date "2017.08.14"]
[Round "5"]
[White "Sapeta, Robert"]
[Black "Sobczak, Miroslaw"]
[Result "0-1"]
[WhiteElo "2040"]
[BlackElo "1925"]
[PlyCount "78"]
[EventDate "2017.08.11"]
[EventType "swiss"]
[EventRounds "9"]
[EventCountry "POL"]
[SourceTitle "CBM 180 Extra"]
[Source "ChessBase"]
[SourceDate "2017.10.06"]
[SourceVersion "1"]
[SourceVersionDate "2017.10.06"]
[SourceQuality "1"]

1. e4 e6 2. d4 d5 3. e5 c5 4. Qg4 cxd4 5. Nf3 Nc6 6. Bd3 f5 7. Qg3 Bd7 8. a3 a5 9. 0-0 g6 10. h4 Qe7 11. Bg5 Qg7 12. Nbd2 h6 13. Bf4 Be7 14. Nb3 g5 15. Nbxd4 Qf7 16. Bd2 g4 17. Nxc6 gxf3 18. Nd4 fxg2 19. Kxg2 Bc5 20. Nb5 Ne7 21. Nc7+ Kd8 22. Nxa8 Rg8 23. Bxa5+ Kc8 24. Bb6 Rxg3+ 25. fxg3 Bxb6 26. Nxb6+ Kc7 27. Nxd7 Kxd7 28. c4 d4 29. Rf4 Nc6 30. Re1 Qg7 31. Bc2 Kc8 32. Re2 Kb8 33. b4 Nxe5 34. Rxd4 Nf3 35. Rf4 Nd4 36. Rd2 e5 37. Rf1 f4 38. Be4 Qxg3+ 39. Kh1 Qh3+ 0-1

[Event "POL-chT 2nd League"]
[Site "Jastrzebia Gora"]
[Date "2016.09.11"]
[Round "9.94"]
[White "Sobczak, Miroslaw"]
[Black "Kowalski, Maciej"]
[Result "0-1"]
[WhiteElo "1862"]
[BlackElo "2021"]
[PlyCount "114"]
[EventDate "2016.09.03"]
[EventType "team-swiss"]
[EventRounds "9"]
[EventCountry "POL"]
[SourceTitle "EXT 2017"]
[Source "ChessBase"]
[SourceDate "2016.10.25"]
[SourceVersion "1"]
[SourceVersionDate "2016.10.25"]
[SourceQuality "1"]
[WhiteTeam "Gniezno LKS Chrobry II"]
[BlackTeam "Grzybowo GKSz Solny"]
[WhiteTeamCountry "POL"]
[BlackTeamCountry "POL"]

1. e4 c5 2. Nc3 Nc6 3. f4 g6 4. Nf3 Bg7 5. Bc4 e6 6. f5 Nge7 7. fxe6 fxe6 8. 0-0 d5 9. Bb3 0-0 10. d3 Na5 11. Bg5 Nxb3 12. axb3 d4 13. Na4 b5 14. Nxc5 Qd6 15. Bxe7 Qxe7 16. b4 e5 17. Qd2 a5 18. Qg5 Bf6 19. Qg3 Ra7 20. h3 axb4 21. Rxa7 Qxa7 22. Nb3 Qe7 23. Ra1 Be6 24. Ra5 Rc8 25. Qf2 Bxb3 26. cxb3 Qc5 27. Kh2 Bg7 28. Qg3 Re8 29. Qg4 Qc6 30. Ra7 Bh6 31. Qd7 Qxd7 32. Rxd7 Rc8 33. Kg3 Rc2 34. Nxe5 Rxb2 35. Rxd4 Rxb3 36. Rd7 Bg7 37. Rd8+ Bf8 38. Nd7 Rxd3+ 39. Kf4 Kg7 40. Rxf8 Rxd7 41. Rb8 Rd1 42. Rxb5 Rb1 43. e5 h6 44. Rb7+ Kf8 45. Ke4 b3 46. Kd5 b2 47. Ke6 g5 48. g4 Kg8 49. Ke7 Kg7 50. e6 Kg6 51. Rb3 h5 52. Rb6 h4 53. Ke8 Kg7 54. e7 Kh7 55. Kf7 Rf1+ 56. Rf6 b1Q 57. e8Q Qg6+ 0-1

[Event "Poznan op 24th"]
[Site "Poznan"]
[Date "2016.08.15"]
[Round "9"]
[White "Sobczak, Miroslaw"]
[Black "Pawlowski, Rafal"]
[Result "1-0"]
[WhiteElo "1804"]
[BlackElo "1739"]
[PlyCount "117"]
[EventDate "2016.08.08"]
[EventType "swiss"]
[EventRounds "9"]
[EventCountry "POL"]
[SourceTitle "EXT 2017"]
[Source "ChessBase"]
[SourceDate "2016.10.25"]
[SourceVersion "1"]
[SourceVersionDate "2016.10.25"]
[SourceQuality "1"]

1. e4 c6 2. d4 d5 3. Nc3 dxe4 4. Nxe4 Bf5 5. Ng3 Bg6 6. Nf3 Nd7 7. h4 h6 8. h5 Bh7 9. Bd3 Bxd3 10. Qxd3 e6 11. Bd2 Qc7 12. Ne4 Ngf6 13. 0-0-0 Nxe4 14. Qxe4 Nf6 15. Qe2 Be7 16. Ne5 a5 17. Rh3 Nd5 18. c4 Nb4 19. a3 Na6 20. Bf4 Qd8 21. Qf3 Bf6 22. Rg3 Nc7 23. Nxc6 bxc6 24. Qxc6+ Qd7 25. Qxc7 Qxc7 26. Bxc7 Rc8 27. Bxa5 Rxc4+ 28. Bc3 0-0 29. Kb1 Rb8 30. Rgd3 Rb5 31. g4 Rd5 32. b4 g6 33. hxg6 fxg6 34. Kb2 h5 35. gxh5 gxh5 36. Kb3 Rc7 37. a4 h4 38. b5 Rh7 39. b6 h3 40. Rh1 Bd8 41. a5 Bxb6 42. Rg3+ Kf7 43. axb6 Rb5+ 44. Kc4 Rxb6 45. Rgxh3 Rxh3 46. Rxh3 Rc6+ 47. Kd3 Rd6 48. Ke4 Rd5 49. Bd2 Kf6 50. Bf4 Kg6 51. Rg3+ Kf6 52. Be5+ Kf7 53. Rg7+ Kf8 54. Ra7 Ke8 55. f4 Rb5 56. f5 exf5+ 57. Kxf5 Kf8 58. Ke6 Rb6+ 59. Bd6+ 1-0

[Event "Poznan op 23rd"]
[Site "Poznan"]
[Date "2015.08.13"]
[Round "4"]
[White "Sobczak, Miroslaw"]
[Black "Rozycki, Bartlomiej"]
[Result "0-1"]
[WhiteElo "1863"]
[BlackElo "2169"]
[PlyCount "56"]
[EventDate "2015.08.10"]
[EventType "swiss"]
[EventRounds "9"]
[EventCountry "POL"]
[SourceTitle "CBM 167 Extra"]
[Source "ChessBase"]
[SourceDate "2015.09.14"]
[SourceVersion "1"]
[SourceVersionDate "2015.09.14"]
[SourceQuality "1"]

1. e4 c5 2. Nf3 d6 3. d4 cxd4 4. Nxd4 Nf6 5. Nc3 a6 6. Bg5 Nbd7 7. f4 Qc7 8. Qf3 b5 9. 0-0-0 Bb7 10. Bd3 g6 11. Nd5 Nxd5 12. exd5 Bg7 13. Nc6 e6 14. dxe6 Nc5 15. exf7+ Kf8 16. Be4 Nxe4 17. Be7+ Kxf7 18. Qb3+ Ke8 19. Bxd6 Qf7 20. Rhe1 Bxc6 21. Qf3 Qe6 22. g4 Rd8 23. f5 Bh6+ 24. Bf4 Rxd1+ 25. Rxd1 Qxa2 26. c3 b4 27. Rd4 Qa1+ 28. Kc2 b3+ 0-1

[Event "Poznan op 23rd"]
[Site "Poznan"]
[Date "2015.08.11"]
[Round "2"]
[White "Sobczak, Miroslaw"]
[Black "Dzierzak, Radoslaw"]
[Result "0-1"]
[WhiteElo "1863"]
[BlackElo "2144"]
[PlyCount "44"]
[EventDate "2015.08.10"]
[EventType "swiss"]
[EventRounds "9"]
[EventCountry "POL"]
[SourceTitle "CBM 167 Extra"]
[Source "ChessBase"]
[SourceDate "2015.09.14"]
[SourceVersion "1"]
[SourceVersionDate "2015.09.14"]
[SourceQuality "1"]

1. e4 c5 2. Nf3 e6 3. d4 cxd4 4. Nxd4 Nc6 5. Nc3 Qc7 6. Be3 a6 7. Bd3 Nf6 8. 0-0 Nxd4 9. Bxd4 Bc5 10. Bxc5 Qxc5 11. Kh1 d6 12. Qe1 e5 13. f3 Be6 14. Na4 Qd4 15. Qa5 Nd7 16. Rfd1 b6 17. c3 Qe3 18. Qb4 b5 19. Qxd6 bxa4 20. Bc4 Qc5 21. Bxe6 Qxd6 22. Bxf7+ Ke7 0-1

[Event "Poznan op 22nd"]
[Site "Poznan"]
[Date "2014.08.16"]
[Round "9"]
[White "Sobczak, Miroslaw"]
[Black "Schmidt, Wlodzimierz"]
[Result "1/2-1/2"]
[WhiteElo "1938"]
[BlackElo "2345"]
[PlyCount "23"]
[EventDate "2014.08.09"]
[EventType "swiss"]
[EventRounds "9"]
[EventCountry "POL"]
[SourceTitle "CBM 161 Extra"]
[Source "ChessBase"]
[SourceDate "2014.08.29"]
[SourceVersion "1"]
[SourceVersionDate "2014.08.29"]
[SourceQuality "1"]

1. e4 c5 2. Nf3 e6 3. d4 cxd4 4. Nxd4 Nc6 5. Nc3 a6 6. Be3 Qc7 7. Bd3 Nf6 8. 0-0 Nxd4 9. Bxd4 Bc5 10. Bxc5 Qxc5 11. Qe1 0-0 12. Kh1 1/2-1/2

[Event "POL-chT 3rd League Wielkopolska 12/13"]
[Site "Poznan"]
[Date "2013.03.10"]
[Round "11.25"]
[White "Sobczak, Miroslaw"]
[Black "Swiatek, Bartosz"]
[Result "0-1"]
[WhiteElo "1999"]
[BlackElo "2034"]
[PlyCount "56"]
[EventDate "2012.11.25"]
[EventType "team-tourn"]
[EventRounds "11"]
[EventCountry "POL"]
[SourceTitle "EXT 2014"]
[Source "ChessBase"]
[SourceDate "2013.11.20"]
[SourceVersion "1"]
[SourceVersionDate "2013.11.20"]
[SourceQuality "1"]
[WhiteTeam "Gniezno LKS Chrobry II"]
[BlackTeam "Poznan Politechnika II"]
[WhiteTeamCountry "POL"]
[BlackTeamCountry "POL"]

1. e4 c5 2. Nf3 d6 3. d4 cxd4 4. Nxd4 Nf6 5. Nc3 a6 6. Bg5 e6 7. f4 Be7 8. Qf3 Qc7 9. 0-0-0 Nbd7 10. Bd3 b5 11. Rhe1 h6 12. Bh4 Bb7 13. a3 Rc8 14. Bxf6 Nxf6 15. Qg3 0-0 16. e5 Nh5 17. Nxe6 fxe6 18. Qg6 Nxf4 19. Qh7+ Kf7 20. Rf1 Ke8 21. Rxf4 Rxf4 22. exd6 Bxd6 23. Qg8+ Ke7 24. Qxg7+ Rf7 25. Qg4 Bxa3 26. Ne2 Bc5 27. Bg6 Rf6 28. Bh5 Be3+ 0-1

[Event "POL-chT 3rd League Wielkopolska 12/13"]
[Site "Poznan"]
[Date "2013.02.03"]
[Round "6.32"]
[White "Tomczak, Michal"]
[Black "Sobczak, Miroslaw"]
[Result "0-1"]
[WhiteElo "2072"]
[BlackElo "1999"]
[PlyCount "102"]
[EventDate "2012.11.25"]
[EventType "team-tourn"]
[EventRounds "11"]
[EventCountry "POL"]
[SourceTitle "EXT 2014"]
[Source "ChessBase"]
[SourceDate "2013.11.20"]
[SourceVersion "1"]
[SourceVersionDate "2013.11.20"]
[SourceQuality "1"]
[WhiteTeam "Srem LKS Piast"]
[BlackTeam "Gniezno LKS Chrobry II"]
[WhiteTeamCountry "POL"]
[BlackTeamCountry "POL"]

1. e4 Nc6 2. Nf3 d5 3. exd5 Qxd5 4. Nc3 Qh5 5. Nb5 Kd8 6. d4 a6 7. d5 Nb4 8. Nc3 Bf5 9. Nd4 Qxd1+ 10. Kxd1 Bg6 11. a3 c5 12. axb4 cxd4 13. Nb5 Nf6 14. Nxd4 Nxd5 15. b5 a5 16. Bd2 e5 17. Nf3 e4 18. Ne5 Bc5 19. Bc4 Nb6 20. Bxf7 Rf8 21. Bxg6 hxg6 22. f3 exf3 23. gxf3 Bd4 24. Nxg6 Rxf3 25. Rxa5 Rc8 26. c3 Bf6 27. Ke2 Rf5 28. Ra7 Rxb5 29. Rxb7 Rxb2 30. Kf3 Rc6 31. Rb8+ Kd7 32. Nf8+ Ke7 33. Ng6+ Kf7 34. Nh8+ Ke6 35. Re1+ Kd7 36. Nf7 Rc5 37. Bc1 Rxc3+ 38. Ke4 Rc4+ 39. Kf5 Rf2+ 40. Kg6 Nd5 41. Rb7+ Kc6 42. Rb8 Rg4+ 43. Kh5 Rgg2 44. h4 g6+ 45. Kh6 Bxh4 46. Ba3 Rxf7 47. Re6+ Kd7 48. Rd6+ Kc7 49. Ra8 Bg5+ 50. Kxg6 Rf3 51. Rxd5 Bc1+ 0-1

[Event "POL-chT 3rd League Wielkopolska 12/13"]
[Site "Poznan"]
[Date "2012.12.02"]
[Round "3.14"]
[White "Wesolowski, Edgar"]
[Black "Sobczak, Miroslaw"]
[Result "0-1"]
[WhiteElo "2023"]
[BlackElo "1999"]
[PlyCount "54"]
[EventDate "2012.11.25"]
[EventType "team-tourn"]
[EventRounds "11"]
[EventCountry "POL"]
[SourceTitle "EXT 2014"]
[Source "ChessBase"]
[SourceDate "2013.11.20"]
[SourceVersion "1"]
[SourceVersionDate "2013.11.20"]
[SourceQuality "1"]
[WhiteTeam "Wolsztyn UKS Szach"]
[BlackTeam "Gniezno LKS Chrobry II"]
[WhiteTeamCountry "POL"]
[BlackTeamCountry "POL"]

1. c4 Nf6 2. Nc3 c6 3. e4 e5 4. d4 Bb4 5. Bg5 Qa5 6. Qd3 exd4 7. Bxf6 dxc3 8. Bxc3 Bxc3+ 9. bxc3 0-0 10. Nf3 d5 11. cxd5 cxd5 12. exd5 b6 13. Nd2 Ba6 14. c4 Nd7 15. Be2 Nc5 16. Qc2 Rfe8 17. Kf1 Re5 18. Nf3 Re7 19. g3 Rae8 20. Re1 h6 21. Kg2 Re4 22. Qb2 Qa4 23. Nd4 Bxc4 24. Bxc4 Rxe1 25. Rxe1 Rxe1 26. Bb5 Qd1 27. Bc4 Rg1+ 0-1